00276nam a22000977a 4500082001200000100001900012245005300031260006800084300000700152650001900159 a270 BEN aBenedict, Pope aChurch in the Middle East: Communion and Witness aTrivandrum, KeralabCarmel International Publishing Housec2012 a88 aChurch History